Concrete Constructions for Wind Turbines / (Record no. 34002)
[ view plain ]
| 000 -LEADER | |
|---|---|
| fixed length control field | 01335cam a2200385 i 4500 |
| 001 - CONTROL NUMBER | |
| control field | 11448417 |
| 003 - CONTROL NUMBER IDENTIFIER | |
| control field | OSt |
| 005 - DATE AND TIME OF LATEST TRANSACTION | |
| control field | 20211015143911.0 |
| 006 - FIXED-LENGTH DATA ELEMENTS--ADDITIONAL MATERIAL CHARACTERISTICS | |
| fixed length control field | m o d |
| 007 - PHYSICAL DESCRIPTION FIXED FIELD--GENERAL INFORMATION | |
| fixed length control field | cr cn||||||||| |
| 008 - FIXED-LENGTH DATA ELEMENTS--GENERAL INFORMATION | |
| fixed length control field | 130228s2013 gw a ob 001 0 eng d |
| 020 ## - INTERNATIONAL STANDARD BOOK NUMBER | |
| International Standard Book Number | 9783433030417 |
| 035 ## - SYSTEM CONTROL NUMBER | |
| System control number | (CaPaEBR)ebr10763012 |
| 035 ## - SYSTEM CONTROL NUMBER | |
| System control number | (NNC)11448417 |
| 038 ## - RECORD CONTENT LICENSOR | |
| Staff Name | khadija |
| 040 ## - CATALOGING SOURCE | |
| Original cataloging agency | CaPaEBR |
| Language of cataloging | eng |
| Description conventions | rda |
| -- | pn |
| Transcribing agency | CaPaEBR |
| 041 1# - LANGUAGE CODE | |
| Language code of text/sound track or separate title | eng |
| Language code of original | ger |
| 050 14 - LIBRARY OF CONGRESS CALL NUMBER | |
| Classification number | TJ828 |
| Item number | .G78 2013eb |
| 082 04 - DEWEY DECIMAL CLASSIFICATION NUMBER | |
| Classification number | 621.312136 |
| Edition number | 23 |
| Author Mark | GRU |
| 100 1# - MAIN ENTRY--PERSONAL NAME | |
| Personal name | Grünberg, Jürgen. |
| 9 (RLIN) | 83250 |
| 245 10 - TITLE STATEMENT | |
| Title | Concrete Constructions for Wind Turbines / |
| Statement of responsibility, etc. | Jurgen Grunberg, Joachim Gohlmann. |
| 300 ## - PHYSICAL DESCRIPTION | |
| Extent | 1 online resource (244 pages) : |
| Other physical details | illustrations |
| 500 ## - GENERAL NOTE | |
| General note | Translated from the German. |
| 504 ## - BIBLIOGRAPHY, ETC. NOTE | |
| Bibliography, etc. note | Includes bibliographical references and index. |
| 563 ## - BINDING INFORMATION | |
| Binding note | PB |
| 590 ## - LOCAL NOTE (RLIN) | |
| Local note | Electronic reproduction. Palo Alto, Calif. : ebrary, 2015. Available via World Wide Web. Access may be limited to ebrary affiliated libraries. |
| 650 #0 - SUBJECT ADDED ENTRY--TOPICAL TERM | |
| Topical term or geographic name entry element | Concrete construction. |
| 650 #0 - SUBJECT ADDED ENTRY--TOPICAL TERM | |
| Topical term or geographic name entry element | Wind turbines |
| General subdivision | Design and construction. |
| 9 (RLIN) | 83251 |
| 655 #0 - INDEX TERM--GENRE/FORM | |
| Genre/form data or focus term | Electronic books. |
| 9 (RLIN) | 621 |
| 700 1# - ADDED ENTRY--PERSONAL NAME | |
| Personal name | Göhlmann, Joachim. |
| 9 (RLIN) | 83252 |
| 797 2# - LOCAL ADDED ENTRY--CORPORATE NAME (RLIN) | |
| Corporate name or jurisdiction name as entry element | ebrary. |
| 856 40 - ELECTRONIC LOCATION AND ACCESS | |
| Uniform Resource Identifier | <a href="http://www.columbia.edu/cgi-bin/cul/resolve?clio11448417">http://www.columbia.edu/cgi-bin/cul/resolve?clio11448417</a> |
| Public note | Click here for full text. |
| 942 ## - ADDED ENTRY ELEMENTS (KOHA) | |
| Source of classification or shelving scheme | |
| Koha item type | Book |
| Withdrawn status | Lost status | Source of classification or shelving scheme | Damaged status | Not for loan | Permanent Location | Current Location | Shelving location | Date acquired | Full call number | Barcode | Date last seen | Price effective from | Koha item type |
|---|---|---|---|---|---|---|---|---|---|---|---|---|---|
| School of Mechanical & Manufacturing Engineering (SMME) | School of Mechanical & Manufacturing Engineering (SMME) | General Stacks | 05/24/2016 | 621.312136 GRU | SMME-3271 | 03/30/2018 | 05/24/2016 | Book |
